<?xml version="1.0" encoding="UTF-8"?>
<collection xmlns="http://www.loc.gov/MARC21/slim">
 <record>
  <leader>01013nam a2200265   4500</leader>
  <controlfield tag="001">000021033</controlfield>
  <controlfield tag="003">17480</controlfield>
  <controlfield tag="005">20150402100427.0</controlfield>
  <controlfield tag="008">150402s2001                        viesd</controlfield>
  <datafield tag="020" ind1=" " ind2=" ">
   <subfield code="c">70000</subfield>
  </datafield>
  <datafield tag="041" ind1="0" ind2=" ">
   <subfield code="a">vie</subfield>
  </datafield>
  <datafield tag="082" ind1="1" ind2="4">
   <subfield code="a">300</subfield>
   <subfield code="b">MO-T</subfield>
  </datafield>
  <datafield tag="100" ind1="1" ind2=" ">
   <subfield code="a">Montbrial, Thierry de</subfield>
  </datafield>
  <datafield tag="245" ind1="1" ind2="0">
   <subfield code="a">Thế giới toàn cảnh Ramses</subfield>
   <subfield code="c">Chủ biên: Thierry de Montbrial, Pierre Jacquet ; Đỗ Đức Thành, Phạm Thị Thanh Huyền, Nguyễn Văn Trung dịch ; Nguyễn Quang Chiến, Dương Văn Quảng, Nguyễn Phương Bình hiệu đính</subfield>
  </datafield>
  <datafield tag="260" ind1=" " ind2=" ">
   <subfield code="b">Chính trị quốc gia</subfield>
   <subfield code="c">2001</subfield>
  </datafield>
  <datafield tag="300" ind1=" " ind2=" ">
   <subfield code="a">tr.</subfield>
   <subfield code="c">cm.</subfield>
  </datafield>
  <datafield tag="700" ind1="1" ind2=" ">
   <subfield code="a">Nguyễn Phương Bình</subfield>
   <subfield code="a">Phạm Thị Thanh Huyền,</subfield>
   <subfield code="a">Nguyễn Văn Trung</subfield>
   <subfield code="a">Đỗ Đức Thành,</subfield>
   <subfield code="a">Nguyễn Quang Chiến,</subfield>
   <subfield code="a">Dương Văn Quảng,</subfield>
   <subfield code="e">Hiệu đính.</subfield>
   <subfield code="e">Dịch</subfield>
  </datafield>
  <datafield tag="OWN" ind1=" " ind2=" ">
   <subfield code="a">LSP</subfield>
  </datafield>
  <datafield tag="999" ind1=" " ind2=" ">
   <subfield code="a">From the UDN01</subfield>
  </datafield>
  <datafield tag="TYP" ind1=" " ind2=" ">
   <subfield code="a">Monograph</subfield>
  </datafield>
  <datafield tag="TYP" ind1=" " ind2=" ">
   <subfield code="a">Printed language</subfield>
  </datafield>
  <datafield tag="980" ind1=" " ind2=" ">
   <subfield code="a">Mạng thư viện Đại học Đà Nẵng</subfield>
  </datafield>
 </record>
</collection>
